| 000 | 00558nam a2200181Ia 4500 | ||
|---|---|---|---|
| 005 | 20250423094815.0 | ||
| 008 | 250422s9999 xx 000 0 und d | ||
| 020 | _a9781405124249 | ||
| 050 | _aRC 112 .C626/ | ||
| 245 | 0 | _aCommunicable disease control handbook | |
| 250 | _a2nd. ed. | ||
| 260 | _aMalden | ||
| 260 | _bBlackwell Pub. | ||
| 260 | _c2005 | ||
| 300 | _a416 p | ||
| 650 | _aCommunicable diseases--Handbooks, manuals, etc. Communicable diseases--Prevention--Handbooks, manuals, etc. Communicable Disease Control--Handbooks. | ||
| 942 | _cBK | ||
| 999 |
_c28349 _d28349 |
||